Reich Chancellor Adolf Hitler (Record no. 1374272)

MARC details
000 -LEADER
fixed length control field 00658nam a2200253Ia 4500
008 - FIXED-LENGTH DATA ELEMENTS--GENERAL INFORMATION
fixed length control field 160321s9999||||xx |||||||||||||| ||und||
040 ## - CATALOGING SOURCE
Transcribing agency English
082 ## - DEWEY DECIMAL CLASSIFICATION NUMBER
Classification number XI.A/Hilter
082 ## - DEWEY DECIMAL CLASSIFICATION NUMBER
Item number BORI-102955
100 ## - MAIN ENTRY--PERSONAL NAME
Personal name Dr. Joseph Goebbela
245 ## - TITLE STATEMENT
Title Reich Chancellor Adolf Hitler
300 ## - PHYSICAL DESCRIPTION
Extent 66
300 ## - PHYSICAL DESCRIPTION
Dimensions B
300 ## - PHYSICAL DESCRIPTION
Accompanying material Paperback
530 ## - ADDITIONAL PHYSICAL FORM AVAILABLE NOTE
Uniform Resource Identifier <a href="00067216.pdf">00067216.pdf</a>
563 ## - BINDING INFORMATION
Binding note Study
600 ## - SUBJECT ADDED ENTRY--PERSONAL NAME
Personal name Dr. Joseph Goebbela
630 ## - SUBJECT ADDED ENTRY--UNIFORM TITLE
Uniform title Reich Chancellor Adolf Hitler
650 ## - SUBJECT ADDED ENTRY--TOPICAL TERM
Topical term or geographic name as entry element "Politics, History+ Historiography"
650 ## - SUBJECT ADDED ENTRY--TOPICAL TERM
Topical term or geographic name as entry element General Indology
700 ## - ADDED ENTRY--PERSONAL NAME
Personal name Dr. Joseph Goebbela
730 ## - ADDED ENTRY--UNIFORM TITLE
Uniform title Reich Chancellor Adolf Hitler
942 ## - ADDED ENTRY ELEMENTS (KOHA)
Koha item type Book

No items available.